Bruegel
Bewaard in:
| Hoofdauteur: | |
|---|---|
| Formaat: | Boek |
| Taal: | Spaans |
| Gepubliceerd in: |
Buenos Aires
Viscontea
1983
|
| Editie: | 2a. ed |
| Reeks: | Los Grandes Pintores, 18
|
| Onderwerpen: | |
| Tags: |
Voeg label toe
Geen labels, Wees de eerste die dit record labelt!
|
MARC
| LEADER | 00000cam a2200000 a 4500 | ||
|---|---|---|---|
| 001 | UCE0985 | ||
| 003 | CL-VaPUC | ||
| 008 | 140324e19830000ag |||||||||||||||||spa|d | ||
| 082 | 0 | 4 | |a 759.92 |b GRO |2 21 |
| 100 | |a Grote, Andreas |e author |9 573362 | ||
| 245 | 1 | 0 | |a Bruegel |
| 250 | |a 2a. ed | ||
| 300 | |a 17 p | ||
| 942 | |c BK | ||
| 945 | |d 20140324 12:18:00 |a cmena | ||
| 260 | |a Buenos Aires |b Viscontea |c 1983 | ||
| 600 | 0 | |a Bruegel, Pieter |9 344602 | |
| 650 | 7 | |a PINTORES HOLANDESES |2 CL-VaPUC |9 573363 | |
| 583 | |a last modification |c 20140324 12:18:00 |k Rodrigo Vera | ||
| 490 | 0 | |a Los Grandes Pintores, 18 | |
| 999 | |c 354948 |d 354946 | ||
| 952 | |0 0 |1 0 |3 erb |4 0 |6 759_920000000000000_GRO_1983 |7 0 |8 A |9 461182 |a BIBART |b BIBART |i 5043824 |o 759.92 GRO 1983 |p 5043824 |r 2025-03-13 |w 2019-11-23 |y BK |z Catalogado en:20140324 |k ART | ||